[Event "OSEM 2019"]
[Site "Oberviechtach"]
[Date "2019.04.13"]
[Round "1.2"]
[White "Stöckl, Stephan"]
[Black "Oberhofer, Cédric"]
[Result "1/2-1/2"]
[WhiteElo "2048"]
[BlackElo "2212"]
[PlyCount "64"]
[EventDate "2019.??.??"]
[WhiteTeam "SK Schwandorf"]
[BlackTeam "SC Bavaria Regensburg von 1881"]

1. Nf3 Nf6 2. c4 g6 3. g3 Bg7 4. Bg2 O-O 5. O-O d5 6. cxd5 Nxd5 7. d4 Nc6 8.
Nc3 Nb6 9. d5 Na5 10. e4 c6 11. dxc6 Nxc6 12. Qe2 Bg4 13. Be3 e6 14. Rfd1 Qf6
15. h3 Bxf3 16. Bxf3 Nc4 17. Qxc4 Qxf3 18. Qe2 Qxe2 19. Nxe2 Rfd8 20. Nc3 Nd4
21. Rac1 a6 22. Kg2 f5 23. f4 fxe4 24. Nxe4 Nf5 25. Rxd8+ Rxd8 26. Bb6 Re8 27.
Nc3 e5 28. fxe5 Bxe5 29. Kf3 Rf8 30. Kg2 h6 31. a4 Nd4 32. Bxd4 Bxd4 1/2-1/2

[Event "OSEM 2019"]
[Site "Oberviechtach"]
[Date "2019.04.13"]
[Round "1.3"]
[White "Uphoff, Lennart"]
[Black "Brunner, Tobias"]
[Result "1-0"]
[WhiteElo "2156"]
[BlackElo "1962"]
[PlyCount "115"]
[EventDate "2019.??.??"]
[WhiteTeam "FC Mintraching"]
[BlackTeam "TSV Nittenau"]

1. d4 d5 2. c4 e6 3. Nc3 Nf6 4. cxd5 exd5 5. Bg5 Be7 6. e3 c6 7. Qc2 Nbd7 8.
Bd3 O-O 9. Nge2 Re8 10. O-O Nf8 11. f3 Qa5 12. Bh4 Ng6 13. Bf2 Bd6 14. Kh1 Qc7
15. Bg1 Qe7 16. e4 dxe4 17. fxe4 Ng4 18. e5 Bb8 19. Ne4 Qh4 20. Rf3 Nh6 21. Bf2
Qe7 22. Be3 Bg4 23. Bxh6 Bxf3 24. gxf3 gxh6 25. Nf6+ Kh8 26. Nxe8 Qxe8 27. Qd2
Qf8 28. Be4 Bc7 29. Ng3 Rd8 30. Qe3 Bb6 31. Nf5 Nxe5 32. Qc3 Ng6 33. d5+ f6 34.
d6 Ne5 35. a4 a6 36. Qb4 Nd7 37. a5 Bc5 38. Qxb7 Bxd6 39. Qxc6 Nc5 40. Bd5 Nd3
41. Qc4 Nf4 42. Bf7 Be5 43. Rg1 Rd2 44. Ne3 Nh3 45. Rg2 Rxb2 46. Rxb2 Bxb2 47.
Nf5 Ng5 48. Bd5 Qe8 49. Kg2 Ba3 50. h4 Nxf3 51. Bxf3 Qg6+ 52. Bg4 Bf8 53. h5
Qg5 54. Kh3 Qd2 55. Qd4 Qg5 56. Qd8 Kg8 57. Qd5+ Kh8 58. Qf7 1-0

[Event "OSEM 2019"]
[Site "Oberviechtach"]
[Date "2019.04.13"]
[Round "1.5"]
[White "Paar, Johannes"]
[Black "Oberhofer, Peter"]
[Result "0-1"]
[WhiteElo "1998"]
[BlackElo "1847"]
[PlyCount "106"]
[EventDate "2019.??.??"]
[WhiteTeam "SK Schwandorf"]
[BlackTeam "SC Bavaria Regensburg von 1881"]

1. d4 Nf6 2. c4 g6 3. Nc3 d5 4. cxd5 Nxd5 5. e4 Nxc3 6. bxc3 Bg7 7. Bc4 O-O 8.
Ne2 c5 9. O-O Nc6 10. Be3 Na5 11. Bd3 c4 12. Bc2 b6 13. f4 e6 14. f5 Bb7 15.
Qd2 exf5 16. exf5 Re8 17. Rae1 Be4 18. Bxe4 Rxe4 19. Ng3 Re8 20. Bg5 f6 21. Bh6
Qd7 22. Bxg7 Kxg7 23. fxg6 hxg6 24. Qf4 Re6 25. Qg4 Rae8 26. d5 Qxd5 27. Rd1
Qc5+ 28. Kh1 Qe5 29. Rd7+ R8e7 30. Rxe7+ Rxe7 31. h3 Kf7 32. Qh4 f5 33. Qh7+
Qg7 34. Qh4 Qxc3 35. Nxf5 gxf5 36. Qh5+ Ke6 37. Qxf5+ Kd6 38. Rd1+ Kc7 39. Qf4+
Qe5 40. Qf8 Re8 41. Qf7+ Re7 42. Qg8 Rd7 43. Rc1 b5 44. Qf8 Qe3 45. Rf1 Nb7 46.
Qb4 Qc5 47. Qb1 c3 48. Rc1 b4 49. Qb3 Na5 50. Qa4 Nc4 51. a3 Nxa3 52. Qa6 c2
53. Qe2 b3 0-1

[Event "OSEM 2019"]
[Site "Oberviechtach"]
[Date "2019.04.13"]
[Round "1.6"]
[White "Schmidt, Oliver"]
[Black "Glaser, Max"]
[Result "1/2-1/2"]
[WhiteElo "1780"]
[BlackElo "1930"]
[PlyCount "22"]
[EventDate "2019.??.??"]
[WhiteTeam "SK Schwandorf"]
[BlackTeam "SC Furth Waldmünchen"]

1. d4 Nf6 2. c4 e6 3. Nf3 b6 4. g3 Bb7 5. Bg2 Be7 6. O-O O-O 7. Nc3 Ne4 8. Qc2
Nxc3 9. Qxc3 f5 10. b3 Bf6 11. Bb2 d6 1/2-1/2

[Event "OSEM 2019"]
[Site "Oberviechtach"]
[Date "2019.04.13"]
[Round "1.1"]
[White "Dvornic, Mladen"]
[Black "Tassell, Pierre"]
[Result "1-0"]
[WhiteElo "2300"]
[BlackElo "2026"]
[PlyCount "62"]
[EventDate "2019.??.??"]
[WhiteTeam "SK Weiden"]
[BlackTeam "SC Bavaria Regensburg von 1881"]

1. e4 c5 2. Nf3 Nc6 3. d4 cxd4 4. Nxd4 g6 5. Nc3 Bg7 6. Be3 Nf6 7. Bc4 O-O 8.
Bb3 Qa5 9. f3 d5 10. exd5 Nb4 11. Qd2 Rd8 12. O-O-O Nbxd5 13. Nxd5 Qxd2+ 14.
Rxd2 Rxd5 15. Bxd5 Nxd5 16. Nf5 Bxf5 17. Rxd5 Rc8 18. c3 b6 19. Rhd1 Re8 20.
Rd8 Kf8 21. g4 Bc8 22. g5 e5 23. f4 Ke7 24. Rxe8+ Kxe8 25. fxe5 Bxe5 26. Re1
Be6 27. Bxb6 Bxc3 28. bxc3 axb6 29. a4 Ke7 30. Kd2 f6 31. gxf6+ Kxf6 1-0

[Event "OSEM 2019"]
[Site "Oberviechtach"]
[Date "2019.04.13"]
[Round "1.4"]
[White "Weiß, Thomas"]
[Black "Schmahl, Stephan"]
[Result "0-1"]
[WhiteElo "1964"]
[BlackElo "2103"]
[PlyCount "88"]
[EventDate "2019.??.??"]
[WhiteTeam "DJK-Regensburg Nord"]
[BlackTeam "SC Bavaria Regensburg von 1881"]

1. e4 e6 2. d4 d5 3. Nc3 Bb4 4. e5 Ne7 5. a3 Bxc3+ 6. bxc3 c5 7. Qg4 Qc7 8.
Qxg7 Rg8 9. Qxh7 cxd4 10. Ne2 dxc3 11. f4 Nbc6 12. Qd3 Bd7 13. h4 Nf5 14. h5
O-O-O 15. h6 Rg6 16. h7 Rh8 17. Rh5 Qb6 18. Qh3 d4 19. g4 Ne3 20. Bxe3 dxe3 21.
f5 Rg7 22. f6 Rg6 23. Bg2 Nd4 24. Rc1 Nxe2 25. Kxe2 Bb5+ 26. Ke1 Qd4 27. Rd1
Qxg4 28. Qxg4 Rxg4 29. Rh2 Rxh7 30. Rxh7 Rxg2 31. Rg7 Re2+ 32. Kf1 Rd2+ 33. Ke1
Rf2 34. Rg1 Re2+ 35. Kf1 Rf2+ 36. Ke1 Re2+ 37. Kf1 Rxc2+ 38. Ke1 Re2+ 39. Kf1
Rd2+ 40. Ke1 Ba4 41. Rc1 c2 42. Rh1 Kd7 43. Rxc2 Bxc2 44. a4 Rd1+ 0-1

[Event "OSEM 2019"]
[Site "Oberviechtach"]
[Date "2019.04.13"]
[Round "2.1"]
[White "Schmahl, Stephan"]
[Black "Dvornic, Mladen"]
[Result "0-1"]
[WhiteElo "2103"]
[BlackElo "2300"]
[PlyCount "52"]
[EventDate "2019.??.??"]
[WhiteTeam "SC Bavaria Regensburg von 1881"]
[BlackTeam "SK Weiden"]

1. d4 Nf6 2. c4 g6 3. Nf3 Bg7 4. g3 c6 5. Bg2 d5 6. cxd5 cxd5 7. O-O O-O 8. Nc3
Ne4 9. Qb3 Nxc3 10. bxc3 Nc6 11. Bf4 e6 12. Rfe1 b6 13. e4 dxe4 14. Rxe4 Bb7
15. Ree1 Rc8 16. Ne5 Na5 17. Qa3 Bxg2 18. Kxg2 Qc7 19. Rac1 g5 20. Be3 Bxe5 21.
dxe5 Nc4 22. Qa4 Qb7+ 23. Kh3 Qf3 24. Qd1 g4+ 25. Kh4 Nxe5 26. Bg5 Rc5 0-1

[Event "OSEM 2019"]
[Site "Oberviechtach"]
[Date "2019.04.13"]
[Round "2.2"]
[White "Oberhofer, Peter"]
[Black "Uphoff, Lennart"]
[Result "0-1"]
[WhiteElo "1847"]
[BlackElo "2156"]
[PlyCount "54"]
[EventDate "2019.??.??"]
[WhiteTeam "SC Bavaria Regensburg von 1881"]
[BlackTeam "FC Mintraching"]

1. d4 Nf6 2. c4 g6 3. Nf3 Bg7 4. g3 c6 5. Bg2 d5 6. cxd5 cxd5 7. O-O O-O 8. Qb3
Nc6 9. Nc3 Ne4 10. e3 Nxc3 11. Qxc3 Qd6 12. Rd1 b6 13. b3 Ba6 14. Bf1 Bxf1 15.
Kxf1 Rac8 16. Qd2 e5 17. dxe5 Nxe5 18. Nxe5 Qxe5 19. Ba3 Qe4 20. Rac1 Rxc1 21.
Rxc1 Re8 22. Bb2 d4 23. Kg1 dxe3 24. fxe3 Bxb2 25. Qxb2 Qxe3+ 26. Kf1 h5 27.
Rc2 Qf3+ 0-1

[Event "OSEM 2019"]
[Site "Oberviechtach"]
[Date "2019.04.13"]
[Round "2.3"]
[White "Oberhofer, Cédric"]
[Black "Schmidt, Oliver"]
[Result "1-0"]
[WhiteElo "2212"]
[BlackElo "1780"]
[PlyCount "51"]
[EventDate "2019.??.??"]
[WhiteTeam "SC Bavaria Regensburg von 1881"]
[BlackTeam "SK Schwandorf"]

1. e4 c5 2. Nf3 e6 3. d4 cxd4 4. Nxd4 a6 5. Bd3 Nf6 6. O-O d6 7. c4 Be7 8. Nc3
O-O 9. Be3 Nbd7 10. Rc1 d5 11. cxd5 exd5 12. Nf5 dxe4 13. Nxe4 Nxe4 14. Bxe4
Nf6 15. Nxe7+ Qxe7 16. Bf3 Rd8 17. Bc5 Qe8 18. Qb3 Be6 19. Qxb7 Rab8 20. Qxa6
Rxb2 21. a4 Nd5 22. Ra1 Rc8 23. Rfc1 Rc6 24. Qd3 Qd7 25. a5 Rc8 26. a6 1-0

[Event "OSEM 2019"]
[Site "Oberviechtach"]
[Date "2019.04.13"]
[Round "2.4"]
[White "Glaser, Max"]
[Black "Stöckl, Stephan"]
[Result "1/2-1/2"]
[WhiteElo "1930"]
[BlackElo "2048"]
[PlyCount "100"]
[EventDate "2019.??.??"]
[WhiteTeam "SC Furth Waldmünchen"]
[BlackTeam "SK Schwandorf"]

1. e4 c5 2. Nf3 e6 3. b3 b6 4. Bb2 Bb7 5. Qe2 d6 6. d4 cxd4 7. Nxd4 Nf6 8. Nc3
Nbd7 9. O-O-O a6 10. g4 Nc5 11. Bg2 e5 12. Nf5 g6 13. Ng3 Ne6 14. f3 Qc7 15. h4
Be7 16. g5 Nf4 17. Qf2 N6h5 18. Nxh5 Nxh5 19. Nd5 Bxd5 20. Rxd5 Nf4 21. Rd2 O-O
22. Bh3 f6 23. gxf6 Rxf6 24. Kb1 Raf8 25. Qe3 b5 26. c4 bxc4 27. Rc2 Nxh3 28.
Rxh3 Qd7 29. Rg3 cxb3 30. Qxb3+ Qe6 31. Qxe6+ Rxe6 32. h5 g5 33. Rc7 Rb8 34.
Kc2 h6 35. Bc3 Kf8 36. Rc6 Ra8 37. Ba5 Ke8 38. Kd3 Bd8 39. Bxd8 Kxd8 40. Rg2
Rf6 41. Ke3 Kd7 42. Rb6 Rc8 43. Rb3 Rcf8 44. Kf2 d5 45. Kg3 d4 46. Rc2 Rc6 47.
Rb7+ Kd6 48. Rf2 Rc3 49. Rb6+ Rc6 50. Rb7 Rc3 1/2-1/2

[Event "OSEM 2019"]
[Site "Oberviechtach"]
[Date "2019.04.13"]
[Round "2.5"]
[White "Brunner, Tobias"]
[Black "Paar, Johannes"]
[Result "1-0"]
[WhiteElo "1962"]
[BlackElo "1998"]
[PlyCount "75"]
[EventDate "2019.??.??"]
[WhiteTeam "TSV Nittenau"]
[BlackTeam "SK Schwandorf"]

1. e4 c5 2. Nc3 Nc6 3. f4 g6 4. Nf3 Bg7 5. Bc4 e6 6. O-O Nge7 7. Qe2 O-O 8. d3
d5 9. Bb3 Na5 10. Kh1 a6 11. Nd2 b5 12. a3 Bb7 13. Ba2 Nac6 14. Nf3 Rc8 15. Nd1
c4 16. Bb1 cxd3 17. cxd3 dxe4 18. dxe4 Na5 19. Ba2 Nc4 20. Rb1 Qc7 21. Nf2 Rfd8
22. Be3 Nxe3 23. Qxe3 Qc5 24. Qe2 Qc2 25. Rfe1 Qxe2 26. Rxe2 Nc6 27. f5 exf5
28. exf5 gxf5 29. Ng5 Rc7 30. Rbe1 Bf6 31. Nfh3 h6 32. Nf3 Rcd7 33. Nf4 Nd4 34.
Nh5 Bg5 35. Re8+ Kh7 36. Nxg5+ Kg6 37. Rxd8 Rxd8 38. Nxf7 1-0

[Event "OSEM 2019"]
[Site "Oberviechtach"]
[Date "2019.04.13"]
[Round "2.6"]
[White "Tassell, Pierre"]
[Black "Weiß, Thomas"]
[Result "1-0"]
[WhiteElo "2026"]
[BlackElo "1964"]
[PlyCount "80"]
[EventDate "2019.??.??"]
[WhiteTeam "SC Bavaria Regensburg von 1881"]
[BlackTeam "DJK-Regensburg Nord"]

1. d4 Nf6 2. Bg5 d5 3. Bxf6 gxf6 4. e3 c5 5. c3 e5 6. Nf3 Nc6 7. Nbd2 Qb6 8.
Qb3 c4 9. Qc2 Be7 10. g3 Be6 11. Bg2 Qc7 12. Nh4 Qd7 13. f4 e4 14. b3 b5 15.
bxc4 bxc4 16. Nxc4 dxc4 17. Qxe4 Rc8 18. f5 O-O 19. fxe6 fxe6 20. O-O f5 21.
Qf4 Bf6 22. Bxc6 Qxc6 23. Nf3 Qa4 24. e4 Qc2 25. e5 Be7 26. Rfe1 Qe4 27. Ng5
Qxf4 28. gxf4 Bxg5 29. fxg5 Rb8 30. Rab1 Kg7 31. Kg2 Kg6 32. h4 Kh5 33. Kg3 a5
34. Kf4 Rg8 35. a4 h6 36. Rb5 hxg5+ 37. hxg5 Rxb5 38. Rh1+ Kg6 39. axb5 Rb8 40.
Rh6+ Kf7 {Zeit} 1-0

[Event "OSEM 2019"]
[Site "Oberviechtach"]
[Date "2019.04.14"]
[Round "3.1"]
[White "Dvornic, Mladen"]
[Black "Uphoff, Lennart"]
[Result "1/2-1/2"]
[WhiteElo "2300"]
[BlackElo "2156"]
[PlyCount "67"]
[EventDate "2019.??.??"]
[WhiteTeam "SK Weiden"]
[BlackTeam "FC Mintraching"]

1. d4 Nf6 2. c4 g6 3. Nc3 d5 4. Nf3 Bg7 5. Qb3 dxc4 6. Qxc4 O-O 7. e4 a6 8. Bf4
b5 9. Qb3 Bb7 10. e5 Nd5 11. Bg5 h6 12. Bd2 c5 13. dxc5 Nd7 14. Nxd5 Nxc5 15.
Qe3 Qxd5 16. Be2 Rfd8 17. Ba5 Rdc8 18. O-O Qe4 19. Qxe4 Nxe4 20. Rac1 Ng5 21.
Nxg5 hxg5 22. Bc7 Bd5 23. Bg4 e6 24. Bf3 Bxf3 25. gxf3 Kf8 26. Kg2 Ke8 27. Kh3
Bf8 28. Kg4 Be7 29. Bb6 Rab8 30. Be3 Rc4+ 31. Rxc4 bxc4 32. Bd4 Rd8 33. Bc3 Kd7
34. Rd1+ 1/2-1/2

[Event "OSEM 2019"]
[Site "Oberviechtach"]
[Date "2019.04.14"]
[Round "3.2"]
[White "Schmahl, Stephan"]
[Black "Oberhofer, Cédric"]
[Result "1/2-1/2"]
[WhiteElo "2103"]
[BlackElo "2212"]
[PlyCount "50"]
[EventDate "2019.??.??"]
[WhiteTeam "SC Bavaria Regensburg von 1881"]
[BlackTeam "SC Bavaria Regensburg von 1881"]

1. d4 Nf6 2. c4 c5 3. d5 e6 4. Nc3 exd5 5. cxd5 d6 6. e4 g6 7. Bd3 Bg7 8. h3
O-O 9. Nf3 b5 10. Bxb5 Nxe4 11. Nxe4 Qa5+ 12. Nfd2 Qxb5 13. Nxd6 Qa6 14. N2c4
Nd7 15. O-O Ne5 16. Nxc8 Raxc8 17. Nxe5 Bxe5 18. Qf3 Qd6 19. Bh6 Rfd8 20. Rad1
Bxb2 21. Bf4 Be5 22. Bxe5 Qxe5 23. Rfe1 Qd6 24. Re3 Re8 25. Qg4 h5 1/2-1/2

[Event "OSEM 2019"]
[Site "Oberviechtach"]
[Date "2019.04.14"]
[Round "3.4"]
[White "Stöckl, Stephan"]
[Black "Tassell, Pierre"]
[Result "1/2-1/2"]
[WhiteElo "2048"]
[BlackElo "2026"]
[PlyCount "31"]
[EventDate "2019.??.??"]
[WhiteTeam "SK Schwandorf"]
[BlackTeam "SC Bavaria Regensburg von 1881"]

1. Nf3 d5 2. c4 d4 3. e3 Nc6 4. d3 e5 5. Be2 Nf6 6. O-O Bc5 7. exd4 exd4 8.
Nbd2 O-O 9. a3 a5 10. Rb1 Re8 11. Re1 Bg4 12. Nf1 h6 13. Bd2 a4 14. Ng3 Qd6 15.
h3 Bd7 16. Qc1 1/2-1/2

[Event "OSEM 2019"]
[Site "Oberviechtach"]
[Date "2019.04.14"]
[Round "3.5"]
[White "Schmidt, Oliver"]
[Black "Oberhofer, Peter"]
[Result "0-1"]
[WhiteElo "1780"]
[BlackElo "1847"]
[PlyCount "62"]
[EventDate "2019.??.??"]
[WhiteTeam "SK Schwandorf"]
[BlackTeam "SC Bavaria Regensburg von 1881"]

1. d4 Nf6 2. c4 g6 3. Nc3 d5 4. cxd5 Nxd5 5. e4 Nxc3 6. bxc3 Bg7 7. Bc4 O-O 8.
Ne2 c5 9. O-O Nc6 10. Be3 b6 11. Rc1 Bb7 12. Qd2 Qc7 13. Rfd1 Rfd8 14. Qe1 Rac8
15. f3 e6 16. Qh4 Rd7 17. Bb3 Ba6 18. Qf2 Na5 19. d5 Nxb3 20. axb3 exd5 21.
exd5 Re8 22. f4 Bxe2 23. Qxe2 Qxf4 24. Bxf4 Rxe2 25. c4 Bd4+ 26. Kh1 f5 27. Re1
Rde7 28. Rxe2 Rxe2 29. d6 Kf7 30. Bg5 Be3 31. Bxe3 Rxe3 0-1

[Event "OSEM 2019"]
[Site "Oberviechtach"]
[Date "2019.04.14"]
[Round "3.6"]
[White "Paar, Johannes"]
[Black "Weiß, Thomas"]
[Result "1-0"]
[WhiteElo "1998"]
[BlackElo "1964"]
[PlyCount "42"]
[EventDate "2019.??.??"]
[WhiteTeam "SK Schwandorf"]
[BlackTeam "DJK-Regensburg Nord"]

1. d4 Nf6 2. c4 e6 3. Nf3 d5 4. Bf4 dxc4 5. Nc3 a6 6. e3 Nd5 7. Bg3 f6 8. Bh4
Bb4 9. Rc1 b5 10. Be2 Nxc3 11. bxc3 Ba3 12. Rb1 Bb7 13. Bxc4 Bd5 14. Bd3 Bxa2
15. Ra1 Bb2 16. Rxa2 Bxc3+ 17. Ke2 Qd5 18. Rc2 b4 19. Qb1 a5 20. Rhc1 Qc6 21.
Rxc3 bxc3 1-0

[Event "OSEM 2019"]
[Site "Oberviechtach"]
[Date "2019.04.14"]
[Round "4.1"]
[White "Oberhofer, Peter"]
[Black "Dvornic, Mladen"]
[Result "1/2-1/2"]
[WhiteElo "1847"]
[BlackElo "2300"]
[PlyCount "53"]
[EventDate "2019.??.??"]
[WhiteTeam "SC Bavaria Regensburg von 1881"]
[BlackTeam "SK Weiden"]

1. d4 d5 2. c4 e6 3. Nf3 Nf6 4. g3 Be7 5. Bg2 O-O 6. O-O Nbd7 7. b3 Ne4 8. Nfd2
f5 9. f3 Nxd2 10. Nxd2 Bf6 11. Bb2 c5 12. e3 Qb6 13. cxd5 exd5 14. f4 cxd4 15.
Bxd5+ Kh8 16. Nc4 Qc5 17. Qf3 Nb6 18. Nxb6 Qxb6 19. Bxd4 Bxd4 20. exd4 Qxd4+
21. Kg2 Bd7 22. Rad1 Qb6 23. Rfe1 Rae8 24. Rxe8 Rxe8 25. Qf2 Qc7 26. Re1 b6 27.
Rxe8+ 1/2-1/2

[Event "OSEM 2019"]
[Site "Oberviechtach"]
[Date "2019.04.14"]
[Round "4.2"]
[White "Uphoff, Lennart"]
[Black "Oberhofer, Cédric"]
[Result "0-1"]
[WhiteElo "2156"]
[BlackElo "2212"]
[PlyCount "79"]
[EventDate "2019.??.??"]
[WhiteTeam "FC Mintraching"]
[BlackTeam "SC Bavaria Regensburg von 1881"]

1. c4 e5 2. g3 Nf6 3. Bg2 d5 4. cxd5 Nxd5 5. Nc3 Nb6 6. Nf3 Nc6 7. O-O Be7 8.
a3 Be6 9. b4 a5 10. b5 Nd4 11. Rb1 f6 12. d3 O-O 13. Nd2 Qc8 14. e3 Nf5 15. Qc2
Rd8 16. Nce4 a4 17. Rd1 Qd7 18. Nf3 Bb3 19. Rxb3 axb3 20. Qxb3+ Qd5 21. Qb1 Nd6
22. Nd4 Qf7 23. Nc2 Na4 24. Nxd6 cxd6 25. Bd2 d5 26. Nb4 d4 27. Rc1 Nc5 28.
exd4 exd4 29. Qb2 Kh8 30. Rc4 Nxd3 31. Qb3 Nxb4 32. Rxb4 Qxb3 33. Rxb3 Rxa3 34.
Rxa3 Bxa3 35. Bxb7 Bc5 36. g4 d3 37. Kf1 Re8 38. Bd5 Re2 39. Be3 Bxe3 40. fxe3
0-1

[Event "OSEM 2019"]
[Site "Oberviechtach"]
[Date "2019.04.14"]
[Round "4.3"]
[White "Glaser, Max"]
[Black "Schmahl, Stephan"]
[Result "0-1"]
[WhiteElo "1930"]
[BlackElo "2103"]
[PlyCount "60"]
[EventDate "2019.??.??"]
[WhiteTeam "SC Furth Waldmünchen"]
[BlackTeam "SC Bavaria Regensburg von 1881"]

1. e4 e6 2. d4 d5 3. Nd2 Nf6 4. e5 Nfd7 5. Bd3 c5 6. c3 Nc6 7. Ne2 cxd4 8. cxd4
f6 9. exf6 Nxf6 10. O-O Bd6 11. Nf3 O-O 12. Bf4 Bxf4 13. Nxf4 Ng4 14. g3 g5 15.
Ng2 Qf6 16. Be2 Qh6 17. h4 gxh4 18. Nfxh4 Nf6 19. Bd3 Bd7 20. Rc1 Rac8 21. Ne3
Kh8 22. Bb1 Rg8 23. Nhg2 Be8 24. Re1 Bh5 25. Qd2 Bf3 26. Bd3 Qh3 27. Be2 Ne4
28. Qc2 Nxd4 29. Qxc8 Bxe2 30. Nh4 Nf3+ 0-1

[Event "OSEM 2019"]
[Site "Oberviechtach"]
[Date "2019.04.14"]
[Round "4.4"]
[White "Tassell, Pierre"]
[Black "Brunner, Tobias"]
[Result "0-1"]
[WhiteElo "2026"]
[BlackElo "1962"]
[PlyCount "110"]
[EventDate "2019.??.??"]
[WhiteTeam "SC Bavaria Regensburg von 1881"]
[BlackTeam "TSV Nittenau"]

1. d4 d5 2. c4 e6 3. Nc3 Nf6 4. cxd5 exd5 5. Bg5 Be7 6. e3 c6 7. Bd3 Nbd7 8. h3
O-O 9. Qc2 Re8 10. Bf4 Nf8 11. Nf3 Ng6 12. Bh2 Bd6 13. Bxd6 Qxd6 14. O-O-O b5
15. Kb1 a5 16. a3 Bd7 17. Rc1 Reb8 18. Ka1 b4 19. Na4 bxa3 20. b3 Qb4 21. Ka2
Be8 22. Rb1 Nd7 23. Rhc1 Nb6 24. Nxb6 Rxb6 25. Bxg6 hxg6 26. Ne5 Rab8 27. Nd3
Qe7 28. Nc5 Bd7 29. Nxd7 Qxd7 30. Kxa3 Qb7 31. Ka2 Qa6 32. Qc3 Qb5 33. Rb2 Ra8
34. Qc5 Qa6 35. h4 Rab8 36. g3 Qd3 37. Qc2 Qa6 38. Qd2 Rb4 39. Qc3 R8b6 40. Kb1
a4 41. bxa4 Rxb2+ 42. Qxb2 Rxb2+ 43. Kxb2 Qxa4 44. Rc2 Kh7 45. Kc1 Qa1+ 46. Kd2
Qf1 47. Kc3 Kh6 48. Kb4 Qb1+ 49. Kc3 Kh5 50. Kd2 Qf1 51. Kc3 Kg4 52. Kb4 Qb1+
53. Kc3 Kf3 54. Rb2 Qxb2+ 55. Kxb2 Kxf2 0-1

[Event "OSEM 2019"]
[Site "Oberviechtach"]
[Date "2019.04.14"]
[Round "4.6"]
[White "Weiß, Thomas"]
[Black "Schmidt, Oliver"]
[Result "1-0"]
[WhiteElo "1964"]
[BlackElo "1780"]
[PlyCount "41"]
[EventDate "2019.??.??"]
[WhiteTeam "DJK-Regensburg Nord"]
[BlackTeam "SK Schwandorf"]

1. e4 c5 2. Nf3 e6 3. b3 b6 4. Bd3 Bb7 5. c4 d5 6. cxd5 exd5 7. exd5 Qxd5 8.
Bb5+ Nc6 9. O-O Bd6 10. Re1+ Nge7 11. Nc3 Qh5 12. Ne4 Bc7 13. Bb2 O-O 14. Ng3
Bxg3 15. hxg3 a6 16. Bc4 Nf5 17. Re4 Qg6 18. Nh4 Nxh4 19. Rg4 Qxg4 20. Qxg4 Ng6
21. f4 1-0

[Event "OSEM 2019"]
[Site "Oberviechtach"]
[Date "2019.04.15"]
[Round "5.1"]
[White "Oberhofer, Cédric"]
[Black "Dvornic, Mladen"]
[Result "1-0"]
[WhiteElo "2212"]
[BlackElo "2300"]
[PlyCount "97"]
[EventDate "2019.??.??"]
[WhiteTeam "SC Bavaria Regensburg von 1881"]
[BlackTeam "SK Weiden"]

1. d4 d5 2. c4 c6 3. Nf3 Nf6 4. g3 a6 5. Nbd2 Bf5 6. Nh4 Bc8 7. Bg2 e6 8. O-O
Be7 9. Nhf3 Nbd7 10. Qc2 O-O 11. e4 Nxe4 12. Nxe4 dxe4 13. Qxe4 Nf6 14. Qe2 Bd7
15. Ne5 Be8 16. Rd1 h6 17. Bf4 Bd6 18. Rac1 Qe7 19. Nd3 Rd8 20. Bxd6 Qxd6 21.
Nc5 Qc7 22. Qe5 Qc8 23. Na4 Nd7 24. Qa5 f6 25. d5 exd5 26. cxd5 Ne5 27. f4 Nf7
28. Qb6 Qg4 29. Qxb7 cxd5 30. Qxa6 d4 31. Nc5 h5 32. Qe6 f5 33. Qb3 Rd6 34. a4
Bc6 35. Bxc6 Rxc6 36. Ne6 Rxc1 37. Rxc1 Qe2 38. Nxd4 Qe7 39. Nf3 Qa7+ 40. Kg2
Rb8 41. Qd5 Rxb2+ 42. Kh3 g6 43. Ne5 Qb7 44. Qxb7 Rxb7 45. Nxg6 Kg7 46. Nh4 Nh6
47. Rc5 Rf7 48. a5 Rf6 49. Rb5 1-0

[Event "OSEM 2019"]
[Site "Oberviechtach"]
[Date "2019.04.15"]
[Round "5.2"]
[White "Schmahl, Stephan"]
[Black "Uphoff, Lennart"]
[Result "1/2-1/2"]
[WhiteElo "2103"]
[BlackElo "2156"]
[PlyCount "82"]
[EventDate "2019.??.??"]
[WhiteTeam "SC Bavaria Regensburg von 1881"]
[BlackTeam "FC Mintraching"]

1. d4 Nf6 2. c4 g6 3. Nf3 Bg7 4. g3 c6 5. Bg2 d5 6. cxd5 cxd5 7. O-O O-O 8. Nc3
Ne4 9. Qb3 Nc6 10. e3 Nxc3 11. Qxc3 Bf5 12. Nh4 Be6 13. Bd2 Qb6 14. Rac1 Rfc8
15. Qa3 a5 16. Rc5 Bf8 17. Rfc1 Bd7 18. Qb3 Qxb3 19. axb3 e6 20. R5c2 Ra6 21.
Bf1 Rb6 22. Bxa5 Rxb3 23. Bd2 Ra8 24. Nf3 Nb4 25. Bxb4 Rxb4 26. Ne5 Ba4 27. Rc7
Bd6 28. Rc8+ Rxc8 29. Rxc8+ Kg7 30. Nd3 Rb6 31. Kg2 Bb5 32. Rc2 Kf6 33. Kf3 Bc4
34. Ke2 Bb3 35. Rc1 Bc4 36. Rc2 Bc7 37. Kd2 Rb5 38. Kc1 Ba5 39. Be2 Rb6 40. Ne5
Bb5 41. Bxb5 Rxb5 1/2-1/2

[Event "OSEM 2019"]
[Site "Oberviechtach"]
[Date "2019.04.15"]
[Round "5.3"]
[White "Brunner, Tobias"]
[Black "Oberhofer, Peter"]
[Result "1-0"]
[WhiteElo "1962"]
[BlackElo "1847"]
[PlyCount "81"]
[EventDate "2019.??.??"]
[WhiteTeam "TSV Nittenau"]
[BlackTeam "SC Bavaria Regensburg von 1881"]

1. e4 c5 2. Nc3 Nc6 3. f4 g6 4. Nf3 Bg7 5. Bc4 e6 6. d3 Nge7 7. Qe2 b6 8. a3
O-O 9. O-O d5 10. Ba2 Nd4 11. Nxd4 Bxd4+ 12. Kh1 dxe4 13. dxe4 Bb7 14. Rd1 Qc8
15. Nb5 Ba6 16. Bc4 Bxb5 17. Bxb5 a6 18. Bd3 Bg7 19. c3 Rd8 20. Be3 Qb7 21. h3
Nc6 22. Kh2 Bf8 23. a4 Be7 24. Bf2 e5 25. f5 Na5 26. Bg3 f6 27. Bc4+ Nxc4 28.
Qxc4+ Kg7 29. Qe6 Rxd1 30. Rxd1 Rd8 31. Rxd8 Bxd8 32. Bf2 Be7 33. g4 gxf5 34.
Qxf5 Qc6 35. h4 h6 36. h5 Qxa4 37. Qg6+ Kf8 38. Qxh6+ Ke8 39. Qg6+ Kd8 40. h6
Qc2 41. Kg2 1-0

[Event "OSEM 2019"]
[Site "Oberviechtach"]
[Date "2019.04.15"]
[Round "5.4"]
[White "Stöckl, Stephan"]
[Black "Weiß, Thomas"]
[Result "1-0"]
[WhiteElo "2048"]
[BlackElo "1964"]
[PlyCount "123"]
[EventDate "2019.??.??"]
[WhiteTeam "SK Schwandorf"]
[BlackTeam "DJK-Regensburg Nord"]

1. Nf3 Nf6 2. b3 c5 3. c4 e6 4. Bb2 Be7 5. g3 b6 6. Bg2 Bb7 7. O-O O-O 8. e3 d5
9. d3 Nbd7 10. Qe2 Qc7 11. Nc3 a6 12. Rad1 Rfd8 13. d4 dxc4 14. Qxc4 b5 15. Qe2
Rac8 16. Rc1 Qa5 17. a3 c4 18. bxc4 Bxf3 19. Bxf3 Rxc4 20. a4 Rdc8 21. axb5
axb5 22. Ne4 Nd5 23. Rxc4 bxc4 24. Ra1 Qb4 25. Qc2 Rb8 26. Bc3 Qb3 27. Bd1 Qxc2
28. Bxc2 f5 29. Ra7 Rd8 30. Ba5 N7b6 31. Bxb6 Rb8 32. Bc7 Rb2 33. Ba4 fxe4 34.
Ra8+ Kf7 35. Be5 Kg6 36. Be8+ Kh6 37. Rc8 c3 38. Rc6 Rb6 39. Rc4 Rb4 40. Rc6
Rb6 41. Rc4 Rb2 42. Rc6 c2 43. Kg2 Nxe3+ 44. Kh3 Rb1 45. Rxe6+ g6 46. Rxe7 c1=Q
47. Bf4+ g5 48. Bxe3 Qf1+ 49. Kg4 Qe2+ 50. Kh3 Qf1+ 51. Kg4 Qe2+ 52. Kh3 Qc4
53. Kg4 Qc8+ 54. Bd7 Qf8 55. Bxg5+ Kg6 56. Re6+ Kf7 57. Rf6+ Ke7 58. Rxf8+ Kxf8
59. Bf5 h6 60. Bxh6+ Kg8 61. Bxe4 Rb6 62. Bf4 1-0

[Event "OSEM 2019"]
[Site "Oberviechtach"]
[Date "2019.04.15"]
[Round "5.5"]
[White "Glaser, Max"]
[Black "Paar, Johannes"]
[Result "1-0"]
[WhiteElo "1930"]
[BlackElo "1998"]
[PlyCount "64"]
[EventDate "2019.??.??"]
[WhiteTeam "SC Furth Waldmünchen"]
[BlackTeam "SK Schwandorf"]

1. e4 c5 2. Nf3 Nc6 3. Bb5 g6 4. Bxc6 dxc6 5. h3 Bg7 6. d3 e5 7. Be3 b6 8. Qd2
Ba6 9. a4 Qe7 10. a5 Nf6 11. Bh6 O-O 12. Bxg7 Kxg7 13. Qg5 Rfe8 14. axb6 axb6
15. Nbd2 Bxd3 16. Rxa8 Rxa8 17. cxd3 Ra1+ 18. Ke2 Rxh1 19. Nh4 Kf8 20. Nhf3 Ng8
21. Qg4 Nf6 22. Qc8+ Kg7 23. Qxc6 Nh5 24. g3 Qf6 25. Qc7 Rc1 26. Nxe5 b5 27. d4
cxd4 28. Qxc1 Qxe5 29. Kd3 f5 30. Qc6 Nf6 31. f4 fxe4+ 32. Nxe4 Qe7 1-0